000
00297nam a2200133Ia 4500
100
_a
Kapur/ J.N./ Saxena/ H.C.
942
_c
BK
654
_a
statistics
245
_a
Mathematical statistics
260
_b
S.Chand & Co.
_a
New Delhi
_c
1981
082
_a
519.5
300
_a
645
546
_a
ENGLISH
999
_c
23352
_d
23352